LEADER 01349nam a2200313 u 4500 001 000000014953 003 CaOOAMICUS 005 20070226105826.0 008 941214s1982 ne u000 u eng u 020 $a9062551440 035 $a10351260 040 $aPUL(R)$bita 100 1 $aTellegen-Couperus, O.E.$0(OLS)http://pul/name/13802 245 10$aTestamentary succession in the Constitutions of Diocletian /$cby O.E. Tellegen-Couperus. 260 $aZutphen :$b[s.d.],$c1982. 300 $axiii, 231 p. ;$c29 cm 490 1 $aStudia Amstelodamensia ;$v22 500 $aContiene indici. 504 $aBibliografia in nota. 600 14$aDiocletianus, Valerius,$cimperatore romano,$d245-313.$0(OLS)http://pul/subject/10429 650 0$aInheritance and succession$zItaly$zRome.$2//eng$0(OLS)http://pul/subject/10430 830 0$aStudia Amstelodamensia ;$v22.$0(OLS)http://pul/title/21451 850 $aPUL 852 $aPUL$W1$xSL Diritto e Scienze Sociali 1$y4$m184 E 78$j20943$nBK-PRI$b $qStampati$B20943$CPULBib$Z2$F20943 $H $81 941 1 $a8 961 $aINV: 66294 996 $6020$a9062551440$9(OLS)http://pul/number/18980 996 $6245$aTestamentary succession in the Constitutions of Diocletian$9(OLS)http://pul/title/21450 996 $6260$aZutphen :$b[s.d.]$9(OLS)http://pul/publisher/54527 LEADER 01171nam a2200289 a 4500 001 000000121701 003 CaOOAMICUS 005 20100512122421.0 008 100512t2004 it u000 u ita r 020 $a88-420-7249-4 040 $aPUL$bita$dReb 082 04$a193 100 1 $aCantillo, Giuseppe.$0(OLS)http://pul/name/5824 245 10$aIntroduzione a Troeltsch /$cdi Giuseppe Cantillo. 260 $aBari ; Roma :$bGius. Laterza & figli,$cİ2004. 300 $a183 p. ;$c18 cm 490 1 $aI filosofi ;$v87 504 $aBibliografia: p. 143-[179]. 600 14$aTroeltsch, Ernst,$d1865-1923$xFilosofia.$0(OLS)http://pul/subject/23009 830 2$aI filosofi (Laterza) ;$v87.$0(OLS)http://pul/title/7858 850 $aPUL 852 $aPUL$W1$xSL Filosofia 3$y81$m193 CANGI 1$j139690$qDDC 21$B138877$CPULBib$Z2$F138877 $H113572 $82 941 1 $a9 996 $6020$a88-420-7249-4$9(OLS)http://pul/number/144176 996 $6082$a193$9(OLS)http://pul/classification/412 996 $6245$aIntroduzione a Troeltsch$9(OLS)http://pul/title/153117 996 $6260$aBari ; Roma :$bGius. Laterza & figli$9(OLS)http://pul/publisher/81307